000
00212nam a2200085Ia 4500
245
0
_a
Mind tricks
100
_a
FULLMAN, Joe London, 2009
_9
83642
942
_c
BK
008
210817s9999 xx 000 0 und d
999
_c
305339
_d
305338